Young Multi ft. Szpaku - Młody Manson - Statystyki

Ogólne statystyki
  • Ten quiz został rozwiązany 140 razy
  • Średni wynik to 147 z 260
Statystyki odpowiedzi
Odpowiedź % Poprawnych
Ja
94%
młody
90%
I
89%
i
89%
w
87%
W
87%
z
87%
Jak
86%
jak
86%
Czuję
84%
Czuje
84%
się
84%
a
81%
A
81%
Nie
80%
nie
80%
chainy
77%
diamentowe
77%
o
77%
te
77%
na
74%
sami
73%
nieśmiertelni
71%
pogo
71%
metalowe
67%
ogień
67%
widzę
67%
oczach
65%
to
64%
To
64%
bandy
60%
bym
60%
krew
59%
death
58%
fankę
58%
wszystkie
57%
Wszystkie
57%
mnie
55%
nową
55%
zyskał
55%
hejterkę
54%
kurwa
54%
Kurwa
54%
zęby
54%
przepływa
53%
Rozjebane
53%
rozjebane
53%
błędy
52%
zimna
52%
ciała
49%
mam
47%
mój
47%
nasze
47%
siedzą
47%
dresy
46%
tylko
46%
Tylko
46%
zruchałbym
46%
błocie
45%
blok
45%
dorabiał
45%
jakbym
45%
Parker
45%
podpalone
45%
kontroli
44%
"Kontroli
44%
wchodzę
44%
same
43%
Rocki
41%
rozdepczemy
41%
jointów
40%
kielni
40%
ale
39%
Peter
39%
zemsty
38%
znowu
38%
chciała
37%
Roxie
37%
Stoję
37%
Węgiel
37%
zabronił
37%
co
36%
nadchodzi
36%
pragnienie
36%
Młoda
35%
płaszczu
35%
808
34%
Marilyn
34%
mrok
34%
tłumie
34%
głowę
33%
Paluch
33%
tracę
33%
zombie
33%
pierdolić
32%
resztki
32%
uważaj
32%
Wkoło
32%
zarażonych
32%
apokalipsa
31%
Jakości"
31%
siebie
31%
YFL
31%
zalewa
31%
demony
30%
Direct
30%
go
30%
numer
30%
pomysł
30%
Przestań
30%
pytać
30%
skończcie
30%
wyłącznie
30%
od
29%
pragnę
29%
ugryziony
29%
więc
29%
zostałem
29%
zrzucić
29%
Moją
28%
ah
27%
krzyk
27%
Sports
27%
jest
26%
Ostudzając
26%
wypędzał
26%
Dead
24%
trap
24%
Wersy
24%
wtedy
24%
grzechu
22%
jestem
22%
pułapce
22%
wiesz
22%
czym
21%
narodzin
21%
the
20%
Dziwko
19%
from
19%
management
18%
Back
17%
Nie znaleziono quizów pasujących do podanych kryteriów
Rozkład punktacji
Procent ludzi z każdym wynikiem
Percentyl według liczby udzielonych odpowiedzi
Twoja historia wyników
Nie rozwiązałeś tego quizu